|
|
|
|
| LEADER |
00000nam a2200000 4500 |
| 001 |
vtls012242450 |
| 003 |
SK-MaSNL |
| 005 |
20260301225403.0 |
| 008 |
231023t1781 gw a r 000 0 lat |
| 015 |
|
|
|a SNBHFA1781
|
| 040 |
|
|
|a SNKHF
|b slo
|c SNK
|e rda
|
| 041 |
|
|
|a lat
|
| 044 |
|
|
|a gw
|c DE
|
| 072 |
|
7 |
|a 82.0
|x Literatúra (teória)
|2 konspekt
|
| 080 |
|
|
|a 82(091)
|2 2011
|
| 100 |
1 |
|
|a Harles, Gottlieb Christoph,
|d 1738-1815
|4 aut
|9 618897
|
| 245 |
1 |
0 |
|a Theophili Christoph. Harles Introdvctio In Notitiam Litteratvrae Romanae
|b Inprimis Scriptorvm Latinorvm
|
| 264 |
|
3 |
|a Noribergae
|b In Officina Felseckeriana
|c CIƆIƆCCLXXXI (1781)
|
| 300 |
|
|
|a xii, 402 strán
|c 21 cm
|
| 336 |
|
|
|a text
|b txt
|2 rdacontent
|
| 337 |
|
|
|a bez média
|b n
|2 rdamedia
|
| 338 |
|
|
|a zväzok
|b nc
|2 rdacarier
|
| 500 |
|
|
|a Ilustrovaný titulný list, ozdobné linky, kustódy
|
| 504 |
|
|
|a Tlačené vysvetlivky a komentáre pod textom
|
| 563 |
|
|
|a Väzba pôvodná, kožená.
|5 SNK IC 145743/1
|
| 650 |
0 |
7 |
|a literárna história
|2 SNKPH
|9 1136
|
| 710 |
2 |
|
|a Officina Felseckeriana (Norimberg, Nemecko)
|4 prt
|9 618898
|
| 752 |
|
|
|a Nemecko
|d Norimberg
|
| 852 |
|
|
|a snk
|b Aponiovská knižnica
|p IC 145743/1
|
| 958 |
|
|
|a DD
|
| 958 |
|
|
|a ONDV
|
| 999 |
|
|
|c 950698
|d 952628
|
| 952 |
|
|
|t Op. III/31
|a SNK
|b SNK
|c SNK_HF
|y PREZ
|7 0
|p 17A1486758
|o snkIC 145743/1
|i snk2023/15362
|8 5
|0 0
|1 0
|4 0
|d 2023-10-23
|l 0
|r 2026-02-24 09:47:17
|w 2026-02-24
|